Medieval English religious and ethical literature : essays in honour of G.H. Russell /

Bibliographic Details
Other Authors: Russell, G. H. (George Harrison), 1923-, Kratzmann, G. C., 1949-, Simpson, James, 1946-
Format: Book
Language:English
Published: Cambridge [Cambridgeshire] ; Wolfeboro, N.H. : D.S. Brewer, 1986.
Subjects:

MARC

Tag First Indicator Second Indicator Subfields
LEADER 00000cam a22000008a 4500
001 in00000008518
005 20151003070013.0
008 860313s1986 enkc b 01000 eng
010 |a  86006837  
020 |a 0859912205 :  |c $45.00 
035 |a (OCoLC)13358084 
035 |9 AAA0911AM 
040 |a DLC  |c DLC  |d TXA  |d UtOrBLW 
043 |a e-uk-en 
050 0 0 |a PR251  |b .M34 1987 
050 4 |a PR251  |b .M34 1986 
245 0 0 |a Medieval English religious and ethical literature :  |b essays in honour of G.H. Russell /  |c edited by Gregory Kratzmann and James Simpson. 
264 1 |a Cambridge [Cambridgeshire] ;  |a Wolfeboro, N.H. :  |b D.S. Brewer,  |c 1986. 
300 |a vi, 250 pages :  |b portrait 
336 |a text  |b txt  |2 rdacontent 
337 |a unmediated  |b n  |2 rdamedia 
338 |a volume  |b nc  |2 rdacarrier 
504 |a Includes bibliographical references. 
650 0 |a English literature  |y Middle English, 1100-1500  |x History and criticism. 
650 0 |a Christian literature, English  |x History and criticism. 
650 0 |a Theology in literature. 
650 0 |a Ethics in literature. 
600 1 0 |a Russell, G. H.  |q (George Harrison),  |d 1923- 
700 1 |a Russell, G. H.  |q (George Harrison),  |d 1923- 
700 1 |a Kratzmann, G. C.,  |d 1949- 
700 1 |a Simpson, James,  |d 1946- 
999 |a MARS 
999 f f |s c06fa836-08c9-30b0-973d-2e4b78a625a4  |i fd8bf6d1-c395-3b3c-9b5c-673cb7ef1e00  |t 0 
952 f f |p normal  |a Texas A&M University  |b College Station  |c Sterling C. Evans Library  |d Evans: Library Stacks  |t 0  |e PR251 .M34 1986  |h Library of Congress classification  |i unmediated -- volume  |m A14812557701 
998 f f |a PR251 .M34 1986  |t 0  |l Evans: Library Stacks